What's an energy performance certificate? (Record no. 80401)

MARC details
000 -LEADER
fixed length control field 01003cab a22002295a 4500
001 - CONTROL NUMBER
control field L144254
008 - FIXED-LENGTH DATA ELEMENTS--GENERAL INFORMATION
fixed length control field 080707s2008 xxkad f 000 0 eng d
035 ## - SYSTEM CONTROL NUMBER
System control number (Sirsi) u144254
041 0# - LANGUAGE CODE
Language code of text/sound track or separate title eng
100 1# - MAIN ENTRY--PERSONAL NAME
Personal name Altabev, David
245 00 - TITLE STATEMENT
Title What's an energy performance certificate?
260 ## - PUBLICATION, DISTRIBUTION, ETC.
Date of publication, distribution, etc. 2008
490 #0 - SERIES STATEMENT
Series statement Estates Review
Volume/sequential designation June-July 2008, 120-121(2)
520 ## - SUMMARY, ETC.
Summary, etc. Explains what an energy performance certificate is and the background to their introduction. Discusses how the market is likely to respond and how it will affect the design process and the role of the building engineer.
590 ## - LOCAL NOTE (RLIN)
Local note KA
650 24 - SUBJECT ADDED ENTRY--TOPICAL TERM
Topical term or geographic name entry element COMMERCIAL ENERGY PERFORMANCE CERTIFICATES
650 24 - SUBJECT ADDED ENTRY--TOPICAL TERM
Topical term or geographic name entry element EUROPEAN ENERGY PERFORMANCE OF BUILDINGS DIRECTIVE 2002/91/EC
650 24 - SUBJECT ADDED ENTRY--TOPICAL TERM
Topical term or geographic name entry element ENERGY PERFORMANCE OF BUILDINGS (CERTIFICATES AND INSPECTIONS) (ENGLAND AND WALES) REGULATIONS 2007
651 #4 - SUBJECT ADDED ENTRY--GEOGRAPHIC NAME
Geographic name England and Wales
Chronological subdivision 1543-
690 ## - LOCAL SUBJECT ADDED ENTRY--TOPICAL TERM (OCLC, RLIN)
Topical term or geographic name as entry element ENVIRONMENTAL AND LAND CONSULTANCY-ENERGY-ENERGY USE-ENERGY EFFICIENCY
942 ## - ADDED ENTRY ELEMENTS (KOHA)
Suppress in OPAC 0
Holdings
Withdrawn status Lost status Source of classification or shelving scheme Damaged status Not for loan Home library Current library Shelving location Date acquired Total Checkouts Full call number Barcode Date last seen Copy number Price effective from Koha item type
    Dewey Decimal Classification     London London Journal article 07/07/2008   L144254 144254-1001 06/08/2019 1 06/08/2019 Journal article